000 00704nam a22002057a 4500
999 _c167352
_d167352
005 20220222120021.0
010 _aENG-126347
020 _a978-93-8676-156-9
_c1995.00
035 _aEN-109879
037 _bDBAD/PUB
082 _a535
100 _aChandra, Suresh
245 _aA textbook of Optics/
_cby Suresh Chandra [and] Mohit Kumar Sharma
260 _bAne Books Pvt. Ltd
_c2018
_aNew Delhi
270 _a4821, Parwana Bhawan, 1st Floor, 24 Ansari Road, Darya Ganj
_bNew Delhi
_e110002
_k23276843-44
_l23276863
_mkapoor@anebooks.com
300 _a300p.
_c24cm(hb)
500 _aIncludes index and bibliography.
700 _aSharma, Kumar Mohit
942 _2ddc
_cEN
_h535
_mCHA